| 000 | 00667nam a2200205Ia 4500 | ||
|---|---|---|---|
| 003 | GCL | ||
| 008 | 140319s9999 xx 000 0 ara d | ||
| 040 |
_aGCL / _cGCL |
||
| 082 | 0 | 4 |
_a953.202 _bت ب |
| 100 | 1 | _aاليمانى, تاج الدين عبد الباقى | |
| 245 | 1 | 0 |
_aبهجة الزمن فى تاريخ اليمن / _cاليمانى, تاج الدين عبد الباقى |
| 700 | 1 | _aمحمد احمد السمبانى | |
| 700 | 1 | _aعبدالله احمد الحبشى | |
| 260 |
_a[S.N] : _bدار الحكمة اليمنية ، _c1988 |
||
| 300 | _a335 ص | ||
| 490 | _a | ||
| 650 | 0 | 4 | _aتاريخ |
| 650 | 0 | 4 | _aاليمن |
| 942 |
_2ddc _cBK |
||
| 999 |
_c28837 _d28837 |
||